[Event "New Delhi Parsvnath op-C 17th"]
[Site "New Delhi"]
[Date "2019.01.13"]
[Round "1.4"]
[White "Sanjoy, Das"]
[Black "Shashank Reddy, V."]
[Result "1-0"]
[WhiteElo "1497"]
[BlackElo "1182"]
[PlyCount "93"]
[EventDate "2019.01.13"]
[EventType "swiss"]
[EventRounds "10"]
[EventCountry "IND"]
[SourceTitle "EXT 2024"]
[Source "ChessBase"]
[SourceDate "2023.10.10"]
[SourceVersion "1"]
[SourceVersionDate "2023.10.10"]
[SourceQuality "1"]

1. e4 c6 2. d4 d5 3. e5 Bf5 4. Bd3 Bxd3 5. cxd3 e6 6. f4 Nh6 7. Nf3 Nf5 8. g4 Nh4 9. 0-0 h5 10. Nxh4 Qxh4 11. g5 f5 12. Nc3 Qg4+ 13. Kh1 Qxd1 14. Rxd1 g6 15. Be3 Na6 16. a3 c5 17. dxc5 Nxc5 18. Bxc5 Bxc5 19. d4 Be7 20. Nb5 Kd7 21. Rac1 a6 22. Nc3 b5 23. Ne2 Rac8 24. Rxc8 Rxc8 25. Rc1 Rxc1+ 26. Nxc1 Kc6 27. Kg2 b4 28. a4 Kb6 29. Kf3 Ka5 30. b3 Kb6 31. Nd3 a5 32. Ne1 Kc7 33. Ng2 Kd7 34. Nh4 Bd8 35. Nxg6 Bb6 36. Ke3 Ke8 37. Nh4 Kf7 38. Nf3 Ke7 39. Ne1 Kd7 40. Nd3 Ke7 41. Nc5 Bc7 42. g6 Bb6 43. Nd7 Bc7 44. Nf6 h4 45. g7 Bb6 46. g8Q h3 47. Qe8# 1-0